[Event "AUTO-OPEN-1162"]
[Site "http://www.queenalice.com/game.php?id=417756"]
[Date "2008.6.15"]
[Round "1"]
[White "brunojro"]
[Black "Soncini"]
[Result "1/2-1/2"]
[WhiteElo "1857"]
[BlackElo "2023"]

1. d4 d5 2. c4 e6 3. Nf3 Nf6 4. Bg5 c6 5. e3 Nbd7 6. Nbd2 Qa5 7. Bd3 Bb4 8. a3
Bxd2+ 9. Qxd2 Qxd2+ 10. Nxd2 e5 11. O-O e4 12. Be2 O-O 13. cxd5 cxd5 14. Rac1 h6
15. Bh4 a6 16. Rc2 b5 17. Rfc1 Nb6 18. Bxf6 gxf6 19. Rc6 Nc4 20. Nxc4 bxc4 21.
Rxf6 Kg7 22. Rd6 Be6 23. f3 exf3 24. Bxf3 Rfd8 25. Rxd8 Rxd8 26. Kf2 Rb8 27. Rc2
a5 28. e4 dxe4 29. Bxe4 f5 30. Bf3 Kf6 31. Be2 Bd5 32. Bxc4 Bxc4 33. Rxc4 Rxb2+
34. Kf1 Rb1+ 35. Kf2 Rb2+ 36. Kf1 Rb1+ 37. Kf2 Rb2+ 1/2-1/2

[Event "AUTO-OPEN-1162"]
[Site "http://www.queenalice.com/game.php?id=417757"]
[Date "2008.6.15"]
[Round "1"]
[White "Soncini"]
[Black "brunojro"]
[Result "0-1"]
[WhiteElo "2050"]
[BlackElo "1755"]

1. d4 Nf6 2. c4 c6 3. Nc3 d5 4. cxd5 cxd5 5. Nf3 Nc6 6. a3 Bf5 7. Qb3 Qd7 8. Bg5
e6 9. e3 h6 10. Bh4 Ne4 11. Be2 Be7 12. Bxe7 Qxe7 13. Bb5 O-O 14. Bxc6 bxc6 15.
Nxe4 Bxe4 16. Rc1 Bxf3 17. gxf3 Rab8 18. Qc2 a5 19. Ke2 Rb6 20. b4 axb4 21. axb4
Qxb4 22. Rb1 Qa5 23. Rxb6 Qxb6 24. Rc1 Ra8 25. Qxc6 Ra2+ 26. Kf1 Qb2 0-1

[Event "AUTO-OPEN-1162"]
[Site "http://www.queenalice.com/game.php?id=417758"]
[Date "2008.6.15"]
[Round "1"]
[White "brunojro"]
[Black "jmsteinfeld"]
[Result "1-0"]
[WhiteElo "1869"]
[BlackElo "1845"]

1. Nf3 d5 2. d4 Bf5 3. c4 dxc4 4. Nc3 e6 5. e4 Bg6 6. Bxc4 Bb4 7. Qa4+ Qd7 8.
Qxb4 b6 9. Ne5 a5 10. Qb5 Qxb5 11. Bxb5+ Ke7 12. Nxg6+ hxg6 13. Bf4 c6 14. Be2
Nf6 15. Bg5 Nd7 16. e5 Rhc8 17. exf6+ gxf6 18. Be3 e5 19. O-O exd4 20. Bxd4 c5
21. Be3 Kf8 22. Rfd1 Ne5 23. Nd5 Rc6 24. Bb5 Rd6 25. Bh6+ Kg8 26. Ne7+ Kh7 27.
Rxd6 Kxh6 28. h3 1-0

[Event "AUTO-OPEN-1162"]
[Site "http://www.queenalice.com/game.php?id=417759"]
[Date "2008.6.15"]
[Round "1"]
[White "jmsteinfeld"]
[Black "brunojro"]
[Result "0-1"]
[WhiteElo "1770"]
[BlackElo "1894"]

1. e4 c5 2. Bc4 e6 3. d3 d5 4. exd5 exd5 5. Bb3 Nc6 6. Nf3 Qe7+ 7. Qe2 Qxe2+ 8.
Kxe2 Nge7 9. Re1 Bg4 10. h3 Nd4+ 11. Kf1 Bxf3 12. gxf3 Nxb3 13. axb3 Kd7 14. Bg5
Nc6 15. Nc3 d4 16. Ne4 Nb4 17. Re2 Nd5 18. c3 f5 19. Ng3 g6 20. c4 Nc7 21. Rae1
Rg8 22. Be7 Rg7 23. Bxf8 Rxf8 24. h4 Re8 25. h5 Rxe2 26. Kxe2 Re7+ 27. Kd2 Rxe1
28. Kxe1 Ne6 29. h6 Kd6 30. Ne2 Ke5 31. Kd2 Nf4 32. Nxf4 Kxf4 33. Ke2 a6 0-1

[Event "AUTO-OPEN-1162"]
[Site "http://www.queenalice.com/game.php?id=417760"]
[Date "2008.6.15"]
[Round "1"]
[White "brunojro"]
[Black "franchouillard"]
[Result "0-1"]
[WhiteElo "1794"]
[BlackElo "2102"]

1. d4 Nf6 2. c4 g6 3. Nf3 d5 4. cxd5 Nxd5 5. e4 Nf6 6. Nc3 Bg7 7. Bc4 c6 8. O-O
O-O 9. Be3 b5 10. Be2 b4 11. e5 Nd5 12. Nxd5 cxd5 13. Qb3 a5 14. Rfc1 Ba6 15.
Bxa6 Rxa6 16. Rc5 Rc6 17. Rac1 Rxc5 18. Rxc5 e6 19. Qa4 Nd7 20. Rxa5 Nb6 21.
Qxb4 Nc4 22. Rc5 Re8 23. Nd2 Nxe3 24. fxe3 Bf8 25. Nf3 Qa8 26. a3 Bxc5 27. dxc5
Rb8 28. Qd2 Qa4 29. Nd4 Kg7 30. c6 Rc8 31. Qc3 Qd1+ 32. Kf2 Qa4 0-1

[Event "AUTO-OPEN-1162"]
[Site "http://www.queenalice.com/game.php?id=417761"]
[Date "2008.6.15"]
[Round "1"]
[White "franchouillard"]
[Black "brunojro"]
[Result "1-0"]
[WhiteElo "2105"]
[BlackElo "1790"]

1. e4 c5 2. Nf3 Nc6 3. d4 cxd4 4. Nxd4 e5 5. Nb5 Nf6 6. N1c3 d6 7. Bg5 Be7 8.
Bxf6 Bxf6 9. Nd5 O-O 10. Nxf6+ Qxf6 11. Qxd6 Qxd6 12. Nxd6 Nd4 13. O-O-O Rd8 14.
Nc4 f6 15. Ne3 Be6 16. Bc4 Bxc4 17. Nxc4 Rd7 18. Kb1 Rad8 19. Rd3 Ne2 20. Rxd7
Rxd7 21. Ne3 Rd2 22. Rd1 Rxd1+ 23. Nxd1 Kf7 24. Ne3 Ke6 25. c3 Nf4 26. Kc2 g6
27. a4 b6 28. b4 f5 29. f3 fxe4 30. fxe4 g5 31. c4 Kd7 32. g3 Nh3 33. Nd5 Nf2
34. Nf6+ Ke6 35. Nxh7 g4 36. Nf8+ Kf7 37. Nd7 1-0

[Event "AUTO-INT-934"]
[Site "http://www.queenalice.com/game.php?id=419444"]
[Date "2008.6.18"]
[Round "1"]
[White "brunojro"]
[Black "chesplayer"]
[Result "1-0"]
[WhiteElo "1842"]
[BlackElo "1634"]

1. d4 d5 2. c4 dxc4 3. e4 b5 4. a4 c6 5. Nf3 e6 6. axb5 cxb5 7. b3 Bb4+ 8. Bd2
Bxd2+ 9. Nbxd2 c3 10. Bxb5+ Bd7 11. Bxd7+ Qxd7 12. Nc4 Nf6 13. Qd3 Nc6 14. Nb6
Qb7 15. Nxa8 O-O 16. Rc1 Qxa8 17. Rxc3 Nb4 18. Qe2 Nxe4 19. Rc1 Qd5 20. O-O Nd6
21. Qe5 Qxe5 22. dxe5 Ne4 23. Rc4 Nxf2 24. Rxf2 Nd3 25. Rd2 Rd8 26. Rxd3 Rb8 27.
Rc7 f6 28. Rdd7 fxe5 29. Nxe5 h6 30. Rxg7+ Kf8 31. Ng6+ 1-0

[Event "AUTO-INT-934"]
[Site "http://www.queenalice.com/game.php?id=419445"]
[Date "2008.6.18"]
[Round "1"]
[White "chesplayer"]
[Black "brunojro"]
[Result "0-1"]
[WhiteElo "1625"]
[BlackElo "1587"]

1. e4 e5 2. Nf3 Nf6 3. Bc4 Nxe4 4. Nxe5 d5 5. Bd3 Qe7 6. Nxf7 Nc3+ 7. Qe2 Nxe2
8. Nxh8 Ng3+ 9. Kd1 Nxh1 10. Be2 Nc6 11. Nc3 Nd4 12. Ke1 Nxe2 13. Nxe2 Bg4 14.
f3 Qh4+ 15. Ng3 Nxg3 16. hxg3 Qxg3+ 17. Kf1 Bc5 18. fxg4 Qf2# 0-1

[Event "AUTO-INT-934"]
[Site "http://www.queenalice.com/game.php?id=419446"]
[Date "2008.6.18"]
[Round "1"]
[White "brunojro"]
[Black "sofia"]
[Result "1-0"]
[WhiteElo "1739"]
[BlackElo "1480"]

1. d4 d5 2. c4 dxc4 3. Nf3 Nc6 4. d5 Nb8 5. e4 b5 6. a4 Ba6 7. axb5 Bxb5 8. b3
Ba6 9. Bxc4 Bxc4 10. bxc4 Nf6 11. Qa4+ Nbd7 12. Nc3 e5 13. Nxe5 Qe7 14. Nxd7
Nxd7 15. Qc6 Rd8 16. Qxc7 Qb4 17. Bd2 Nc5 18. Rxa7 Qb8 19. Qxf7# 1-0

[Event "AUTO-INT-934"]
[Site "http://www.queenalice.com/game.php?id=419447"]
[Date "2008.6.18"]
[Round "1"]
[White "sofia"]
[Black "brunojro"]
[Result "0-1"]
[WhiteElo "1480"]
[BlackElo "1911"]

1. e4 e6 2. e5 d5 3. d4 c5 4. Nf3 Nc6 5. dxc5 Bxc5 6. Bg5 Qb6 7. Be3 Bxe3 8.
fxe3 Qxb2 9. Nbd2 Nxe5 10. Nxe5 Qxe5 11. Qf3 Qxa1+ 12. Kf2 Qf6 13. Bb5+ Bd7 14.
Rb1 Qxf3+ 15. Nxf3 Bxb5 16. Rxb5 b6 17. Ne5 Nf6 18. g4 O-O 19. h4 Rfc8 20. g5
Rxc2+ 21. Kf3 Ne4 22. Ng4 Rac8 23. a4 R8c4 24. a5 Rc5 25. Rxc5 bxc5 26. h5 Nxg5+
27. Kf4 f6 28. h6 Rc4+ 29. e4 Rxe4+ 30. Kg3 Rxg4+ 0-1

[Event "AUTO-INT-934"]
[Site "http://www.queenalice.com/game.php?id=419448"]
[Date "2008.6.18"]
[Round "1"]
[White "brunojro"]
[Black "DaHunter"]
[Result "0-1"]
[WhiteElo "1860"]
[BlackElo "1916"]

1. d4 d5 2. c4 e6 3. Nf3 Nf6 4. Bg5 Nbd7 5. e3 Bd6 6. Nc3 O-O 7. c5 Be7 8. Bd3
c6 9. O-O b6 10. b4 bxc5 11. bxc5 h6 12. Bxf6 Nxf6 13. Qa4 Qc7 14. e4 Bd7 15.
Ne5 Nxe4 16. Nxe4 f6 17. Nxd7 Qxd7 18. Nd2 e5 19. Rab1 e4 20. Be2 f5 0-1

[Event "AUTO-INT-934"]
[Site "http://www.queenalice.com/game.php?id=419449"]
[Date "2008.6.18"]
[Round "1"]
[White "DaHunter"]
[Black "brunojro"]
[Result "1-0"]
[WhiteElo "1930"]
[BlackElo "1843"]

1. d4 Nf6 2. c4 e6 3. Bg5 Bb4+ 4. Nc3 h6 5. Bh4 g5 6. Bg3 Ne4 7. Qd3 d5 8. e3
Nd7 9. Be2 h5 10. f3 Nxc3 11. bxc3 Be7 12. cxd5 exd5 13. f4 h4 14. Bf2 g4 15.
Bxg4 Nc5 16. Qe2 Bxg4 17. Qxg4 Nd3+ 18. Ke2 Nxf2 19. Kxf2 Qd6 20. Nf3 Qg6 21.
Qxg6 fxg6 22. Rab1 b6 23. Ne5 g5 24. fxg5 1-0

[Event "AUTO-ADV-992"]
[Site "http://www.queenalice.com/game.php?id=443328"]
[Date "2008.8.4"]
[Round "1"]
[White "junior11"]
[Black "brunojro"]
[Result "1-0"]
[WhiteElo "1817"]
[BlackElo "1911"]

1. d4 d5 2. c4 c6 3. Nf3 Nf6 4. Nc3 Bf5 5. e3 e6 6. Bd3 Bg6 7. O-O Nbd7 8. Qc2
Bxd3 9. Qxd3 Bd6 10. c5 Be7 11. e4 dxe4 12. Nxe4 O-O 13. b4 Nxe4 14. Qxe4 Nf6
15. Qd3 a5 16. Bd2 axb4 17. Bxb4 b6 18. a3 1-0

[Event "AUTO-ADV-992"]
[Site "http://www.queenalice.com/game.php?id=443329"]
[Date "2008.8.4"]
[Round "1"]
[White "brunojro"]
[Black "junior11"]
[Result "0-1"]
[WhiteElo "1883"]
[BlackElo "1837"]

1. d4 d5 2. c4 e6 3. Nf3 Nc6 4. e3 Nf6 5. Nc3 Be7 6. Be2 O-O 7. O-O Nb8 8. Bd2
Nbd7 9. cxd5 exd5 10. Qb3 Nb6 11. Rac1 c6 12. h3 Be6 13. Rfe1 Qd7 14. Ne5 Qc8
15. Na4 Bxh3 16. gxh3 Qxh3 17. Bf1 Qh4 0-1

[Event "AUTO-ADV-992"]
[Site "http://www.queenalice.com/game.php?id=443344"]
[Date "2008.8.4"]
[Round "1"]
[White "yclaudiu35"]
[Black "brunojro"]
[Result "1-0"]
[WhiteElo "1830"]
[BlackElo "1828"]

1. e4 e5 2. Nf3 Nf6 3. Bd3 d5 4. Nxe5 dxe4 5. Bc4 Be6 6. Bxe6 fxe6 7. f3 Bd6 8.
Nc4 exf3 9. Qxf3 Nc6 10. c3 O-O 11. Nxd6 cxd6 12. Qh3 Qe7 13. O-O Ne4 14. Rf3
Rxf3 15. Qxf3 Ng5 16. Qe3 d5 17. d4 Ne4 18. Nd2 Nxd2 19. Bxd2 Rf8 20. Re1 Rf5
21. Qxe6+ Qxe6 22. Rxe6 1-0

[Event "AUTO-ADV-992"]
[Site "http://www.queenalice.com/game.php?id=443345"]
[Date "2008.8.4"]
[Round "1"]
[White "brunojro"]
[Black "yclaudiu35"]
[Result "0-1"]
[WhiteElo "1810"]
[BlackElo "1846"]

1. d4 d5 2. c4 Nc6 3. Nf3 dxc4 4. d5 Nb4 5. Qa4+ Qd7 6. Qxb4 e6 7. Qxc4 exd5 8.
Qc2 Bb4+ 9. Bd2 Bxd2+ 10. Nbxd2 Nf6 11. e3 O-O 12. Bd3 c6 13. O-O g6 14. Rfe1
Nh5 15. Ne5 Qe6 16. Ndf3 f6 17. Bxg6 hxg6 18. Qxg6+ Ng7 19. Nd3 f5 20. Qg3 Rf6
21. Ng5 Qd6 22. Qxd6 Rxd6 0-1

[Event "AUTO-ADV-992"]
[Site "http://www.queenalice.com/game.php?id=443356"]
[Date "2008.8.4"]
[Round "1"]
[White "brunojro"]
[Black "philler"]
[Result "0-1"]
[WhiteElo "1773"]
[BlackElo "1846"]

1. d4 Nf6 2. c4 e6 3. Nf3 b6 4. g3 Bb7 5. Bg2 Be7 6. O-O O-O 7. Nc3 d5 8. Ne5
Na6 9. Qb3 c5 10. e3 dxc4 11. Qxc4 Bxg2 12. Kxg2 Qc8 13. Qa4 Nb4 14. a3 cxd4 0-1

[Event "AUTO-ADV-992"]
[Site "http://www.queenalice.com/game.php?id=443357"]
[Date "2008.8.4"]
[Round "1"]
[White "philler"]
[Black "brunojro"]
[Result "1-0"]
[WhiteElo "1832"]
[BlackElo "1787"]

1. e4 e5 2. Nf3 Nf6 3. Nxe5 d6 4. Nf3 Nxe4 5. d4 d5 6. Bd3 Bd6 7. O-O O-O 8. c4
c6 9. Re1 Re8 10. Nbd2 Nxd2 11. Bxd2 Bg4 12. c5 Rxe1+ 13. Qxe1 Bxf3 14. cxd6 Bg4
15. Qe7 Nd7 16. Re1 1-0